<?xml version="1.0" encoding="UTF-8"?><?xml-stylesheet type="text/xsl" href="static/style.xsl"?><OAI-PMH xmlns="http://www.openarchives.org/OAI/2.0/" xmlns:xsi="http://www.w3.org/2001/XMLSchema-instance" xsi:schemaLocation="http://www.openarchives.org/OAI/2.0/ http://www.openarchives.org/OAI/2.0/OAI-PMH.xsd"><responseDate>2026-04-18T06:15:59Z</responseDate><request verb="GetRecord" identifier="oai:www.recercat.cat:10230/60020" metadataPrefix="marc">https://recercat.cat/oai/request</request><GetRecord><record><header><identifier>oai:recercat.cat:10230/60020</identifier><datestamp>2025-12-24T08:55:15Z</datestamp><setSpec>com_2072_6</setSpec><setSpec>col_2072_452952</setSpec></header><metadata><record xmlns="http://www.loc.gov/MARC21/slim" xmlns:dcterms="http://purl.org/dc/terms/" xmlns:xsi="http://www.w3.org/2001/XMLSchema-instance" xmlns:doc="http://www.lyncode.com/xoai" xsi:schemaLocation="http://www.loc.gov/MARC21/slim http://www.loc.gov/standards/marcxml/schema/MARC21slim.xsd">
   <leader>00925njm 22002777a 4500</leader>
   <datafield ind2=" " ind1=" " tag="042">
      <subfield code="a">dc</subfield>
   </datafield>
   <datafield ind2=" " ind1=" " tag="720">
      <subfield code="a">PAIN OUT Research Group Jena</subfield>
      <subfield code="e">author</subfield>
   </datafield>
   <datafield ind2=" " ind1=" " tag="720">
      <subfield code="a">Chinese PAIN OUT network</subfield>
      <subfield code="e">author</subfield>
   </datafield>
   <datafield ind2=" " ind1=" " tag="720">
      <subfield code="a">Dutch PAIN OUT network</subfield>
      <subfield code="e">author</subfield>
   </datafield>
   <datafield ind2=" " ind1=" " tag="720">
      <subfield code="a">Méxican PAIN OUT network</subfield>
      <subfield code="e">author</subfield>
   </datafield>
   <datafield ind2=" " ind1=" " tag="720">
      <subfield code="a">Serbian PAIN OUT network</subfield>
      <subfield code="e">author</subfield>
   </datafield>
   <datafield ind2=" " ind1=" " tag="720">
      <subfield code="a">Spanish PAIN OUT network</subfield>
      <subfield code="e">author</subfield>
   </datafield>
   <datafield ind2=" " ind1=" " tag="720">
      <subfield code="a">French PAIN OUT network</subfield>
      <subfield code="e">author</subfield>
   </datafield>
   <datafield ind2=" " ind1=" " tag="720">
      <subfield code="a">Italian PAIN OUT network</subfield>
      <subfield code="e">author</subfield>
   </datafield>
   <datafield ind2=" " ind1=" " tag="720">
      <subfield code="a">Swiss PAIN OUT network</subfield>
      <subfield code="e">author</subfield>
   </datafield>
   <datafield ind2=" " ind1=" " tag="720">
      <subfield code="a">Irish PAIN OUT network</subfield>
      <subfield code="e">author</subfield>
   </datafield>
   <datafield ind2=" " ind1=" " tag="720">
      <subfield code="a">Belgian PAIN OUT network</subfield>
      <subfield code="e">author</subfield>
   </datafield>
   <datafield ind2=" " ind1=" " tag="720">
      <subfield code="a">Zaslansky, Ruth</subfield>
      <subfield code="e">author</subfield>
   </datafield>
   <datafield ind2=" " ind1=" " tag="260">
      <subfield code="c">2024-05-06T05:46:12Z</subfield>
   </datafield>
   <datafield ind2=" " ind1=" " tag="260">
      <subfield code="c">2024-05-06T05:46:12Z</subfield>
   </datafield>
   <datafield ind2=" " ind1=" " tag="260">
      <subfield code="c">2022</subfield>
   </datafield>
   <datafield ind2=" " ind1=" " tag="520">
      <subfield code="a">Background: Postoperative pain is common at the global level, despite considerable attempts for improvement, reflecting the complexity of offering effective pain relief. In this study, clinicians from Mexico, China, and eight European countries evaluated perioperative pain practices and patient-reported outcomes (PROs) in their hospitals as a basis for carrying out quality improvement (QI) projects in each country. Methods: PAIN OUT, an international perioperative pain registry, provided standardized methodology for assessing management and multi-dimensional PROs on the first postoperative day, in patients undergoing orthopaedic, general surgery, obstetric &amp;amp;amp; gynaecology or urological procedures. Results: Between 2017 and 2019, data obtained from 10,415 adult patients in 105 wards, qualified for analysis. At the ward level: 50% (median) of patients reported worst pain intensities ≥7/10 NRS, 25% spent ≥50% of the time in severe pain and 20-34% reported severe ratings for pain-related functional and emotional interference. Demographic variables, country and surgical discipline explained a small proportion of the variation in the PROs, leaving about 88% unexplained. Most treatment processes varied considerably between wards. Ward effects accounted for about 7% and 32% of variation in PROs and treatment processes, respectively. Conclusions: This comprehensive evaluation demonstrates that many patients in this international cohort reported poor pain-related PROs on the first postoperative day. PROs and treatments varied greatly. Most of the variance of the PROs could not be explained. The findings served as a basis for devising and implementing QI programmes in participating hospitals. Significance: In preparation for quality improvement projects, we comprehensively evaluated pain-related patient-reported outcomes (PROs) and treatment practices of 10,415 adult patients spanning 10 countries. PROs were generally poor. Demographics, country and surgical discipline explained a small proportion of variation for the PROs, about 88% remained unexplained. Treatment practices varied considerably between wards. Ward effects accounted for about 7% and 32% of variation in PROs and treatment processes, respectively. Future studies will aim to identify treatments which are associated with improved outcomes.</subfield>
   </datafield>
   <datafield ind2=" " ind1=" " tag="520">
      <subfield code="a">[i] European Community’s Seventh Framework Programme FP7/2007–2013 under Grant Agreement No. 223590; [ii] Unrestricted educational grants for quality improvement studies from Pfizer Global Medical Grants (Mexico and China); [iii] European Pain Federation (EFIC) and Grünenthal GmbH within their CHANGE PAIN® acute initiative (Belgium, Italy, Ireland, France, The Netherlands, Spain, Switzerland); [iv] EFIC (Serbia).</subfield>
   </datafield>
   <datafield tag="653" ind2=" " ind1=" ">
      <subfield code="a">Postoperatori</subfield>
   </datafield>
   <datafield ind2="0" ind1="0" tag="245">
      <subfield code="a">Status quo of pain-related patient-reported outcomes and perioperative pain management in 10,415 patients from 10 countries: Analysis of registry data</subfield>
   </datafield>
</record></metadata></record></GetRecord></OAI-PMH>